000 01097nam a2200289 i 4500
001 000032411
003 DO-SdBNP
005 20250925093703.0
007 ta
008 101013s1931 dr 000 0 spa d
040 _aDO-SdBNP
_bspa
_cBNPHU
_erda
041 _aspa
082 4 _a920.7293
_bL965h
_222
100 1 _aLuperón, Gregorio,
_d1839-1897
_4aut.
_eautor
_9888
245 1 0 _aHombres de la restauración. /
_cGregorio Luperón.
264 1 _aSanto Domingo :
_bLogia Cuna de América,
_c1931.
300 _a60 páginas ;
_c19 cm.
336 _atexto
_btxt
_2rdacontent
337 _asin mediación
_bn
_2rdamedia
338 _avolumen
_bnc
_2rdacarrier
505 0 _aNota editorial--
_gIntroducción --
_tBenigno F. de Rojas--
_tUlises F. Espaillat--
_tPablo Pujol --
_tJulián Belisario Curiel --
_tPedro Francisco Bonó--
_tMáximo Grullón --
_tAlfredo Deetjeen--
_gEpílogolo --
590 _aInventariado 2023 / MF
600 1 0 _aLuperón, Gregorio,
_d1839-1897
_9888
651 4 _aRepública Dominicana
_xBiografías
_91325
910 _aValidado. Control de Clalidad/MAA
942 _2ddc
_cLBS1
999 _c31902
_d31902